[Event "Veletrzni turnaj 2019"]
[Site "Brno"]
[Date "2019.08.31"]
[Round "8.16"]
[White "Keprt, Tomas"]
[Black "Lisik, Miroslav"]
[Result "1/2-1/2"]
[WhiteElo "1438"]
[BlackElo "1654"]
[PlyCount "90"]
[EventDate "2019.08.25"]

1. e4 c5 2. Nf3 g6 3. d4 cxd4 4. Nxd4 Nc6 5. Be3 Bg7 6. Nc3 Nf6 7. Bc4 Qa5 8.
O-O O-O 9. Bb3 d6 10. f3 Bd7 11. Qd2 Nxd4 12. Bxd4 Bc6 13. Rad1 Nd7 14. Nd5
Bxd4+ 15. Qxd4 Bxd5 16. Bxd5 Qc5 17. c3 Rab8 18. Rf2 Qxd4 19. Rxd4 Rfc8 20. f4
b5 21. Rfd2 Nb6 22. Kf1 Nxd5 23. Rxd5 a6 24. e5 dxe5 25. fxe5 Rb6 26. Ke2 Kf8
27. Ke3 Ke8 28. R2d4 h5 29. Kd3 Rbc6 30. a4 bxa4 31. Rxa4 Rd8 32. Kd4 Rxd5+ 33.
Kxd5 Kd7 34. Rb4 Kc7 35. Rc4 Rxc4 36. Kxc4 Kc6 37. Kd4 f6 38. b3 g5 39. exf6
exf6 40. Ke4 Kd6 41. Kf5 Ke7 42. c4 a5 43. c5 g4 44. g3 Kd7 45. Ke4 Kc6 1/2-1/2

[Event "Veletrzni turnaj 2019"]
[Site "Brno"]
[Date "2019.08.31"]
[Round "8.17"]
[White "Mares, Jaroslav"]
[Black "Zikan, Karel"]
[Result "1-0"]
[WhiteElo "1990"]
[BlackElo "1717"]
[PlyCount "127"]
[EventDate "2019.08.25"]

1. c4 c6 2. Nc3 d5 3. d4 Nf6 4. Nf3 dxc4 5. a4 Bf5 6. e3 e6 7. Bxc4 Bb4 8. O-O
O-O 9. Bd2 Nbd7 10. Ne4 Bxd2 11. Nexd2 c5 12. Nb3 cxd4 13. Nbxd4 Bg4 14. h3 Bh5
15. Be2 Qb6 16. Nb5 Rfd8 17. a5 Qc5 18. Ra4 Bxf3 19. gxf3 Qg5+ 20. Kh2 Nc5 21.
Rd4 Rxd4 22. Qxd4 Qd5 23. b4 Qxd4 24. Nxd4 Ncd7 25. Rc1 Nd5 26. b5 b6 27. a6
Nc5 28. Nc6 Kf8 29. Rd1 Nc3 30. Rd2 Nxe2 31. Rxe2 Ke8 32. Rd2 Nd7 33. f4 f6 34.
Rd6 Nc5 35. f3 Kf7 36. e4 Ke8 37. Kg3 Kf7 38. Kf2 Ke8 39. Ke3 Kf7 40. Kd4 Nb3+
41. Kc3 Nc5 42. Kc4 Ke8 43. h4 Kf7 44. h5 h6 45. Kd4 Nb3+ 46. Ke3 Nc5 47. Kf2
Ke8 48. Kg3 Kf7 49. Kg4 Ke8 50. f5 e5 51. f4 Nxe4 52. Re6+ Kf7 53. fxe5 fxe5
54. Nxe5+ Kg8 55. Nc6 Nf6+ 56. Kh4 Nd5 57. Re5 Nc3 58. Kg4 Kf8 59. Kf4 Kf7 60.
Ke3 Kf6 61. Kd4 Na4 62. Kd5 Rc8 63. Re6+ Kxf5 64. Ne7+ 1-0

[Event "Veletrzni turnaj 2019"]
[Site "Brno"]
[Date "2019.08.31"]
[Round "8.18"]
[White "Hrdlicka, Vladan"]
[Black "Nisztuk, Michal"]
[Result "1-0"]
[WhiteElo "1774"]
[BlackElo "1630"]
[PlyCount "65"]
[EventDate "2019.08.25"]

1. e4 e5 2. Nf3 Nc6 3. Bb5 Nf6 4. O-O Nxe4 5. d4 Nd6 6. dxe5 Nxb5 7. a4 d5 8.
axb5 Ne7 9. Nc3 Bg4 10. h3 Bh5 11. g4 Bg6 12. Qd4 h5 13. Bg5 hxg4 14. hxg4 Bxc2
15. Rxa7 b6 16. Rfa1 Rxa7 17. Rxa7 Qb8 18. Ra6 Qc8 19. Bxe7 Bxe7 20. Nxd5 Bd8
21. e6 Kf8 22. e7+ Bxe7 23. Nxc7 Bc5 24. Qf4 Ke7 25. Qe5+ Kd7 26. Ra7 Qb8 27.
Qd5+ Ke7 28. Qg5+ Kd7 29. Ne5+ Kc8 30. Ra8 Kxc7 31. Rxb8 Kxb8 32. Nd7+ Ka7 33.
Nxc5 1-0

[Event "Veletrzni turnaj 2019"]
[Site "Brno"]
[Date "2019.08.31"]
[Round "8.20"]
[White "Neduchal, Jiri"]
[Black "Ulcak, Michael"]
[Result "1-0"]
[WhiteElo "1790"]
[BlackElo "1443"]
[PlyCount "47"]
[EventDate "2019.08.25"]

1. d4 d5 2. Nf3 Nf6 3. e3 e6 4. Bd3 c5 5. c3 Nc6 6. O-O Bd6 7. Nbd2 O-O 8. Qe2
a6 9. dxc5 Bxc5 10. b4 Bd6 11. Bb2 Bd7 12. a3 b5 13. e4 Qc7 14. Rfe1 Ne5 15.
Bc2 dxe4 16. Nxe4 Neg4 17. Nxd6 Qxd6 18. h3 Nh6 19. Rad1 Nd5 20. Ne5 Bc6 21. c4
bxc4 22. Qxc4 Bb5 23. Qd4 Rfd8 24. Nxf7 1-0

[Event "Veletrzni turnaj 2019"]
[Site "Brno"]
[Date "2019.08.31"]
[Round "8.21"]
[White "Zezula, Jakub"]
[Black "Habinova, Alice"]
[Result "0-1"]
[WhiteElo "1213"]
[BlackElo "1356"]
[PlyCount "51"]
[EventDate "2019.08.25"]

1. e4 c5 2. Nf3 Nc6 3. d4 cxd4 4. Nxd4 Nf6 5. Nc3 e5 6. Nxc6 bxc6 7. Bc4 Be7 8.
O-O O-O 9. Be3 Bb7 10. Bb3 d5 11. Bg5 Nxe4 12. Bxe7 Qxe7 13. Nxe4 dxe4 14. Qg4
c5 15. Rad1 Rad8 16. Ba4 f5 17. Qe2 Kh8 18. Qb5 Rd4 19. c4 a6 20. Qa5 Rd3 21.
Bc2 Rxd1 22. Rxd1 e3 23. fxe3 Qg5 24. g3 Qxe3+ 25. Kf1 Bf3 26. Re1 0-1

[Event "Veletrzni turnaj 2019"]
[Site "Brno"]
[Date "2019.08.31"]
[Round "8.22"]
[White "Kacalek, Tomas"]
[Black "Tajovsky, Simon"]
[Result "0-1"]
[WhiteElo "1683"]
[BlackElo "1494"]
[PlyCount "44"]
[EventDate "2019.08.25"]

1. e4 c5 2. Nf3 Nc6 3. d4 cxd4 4. Bc4 g6 5. Nxd4 Bg7 6. Nxc6 bxc6 7. Nc3 d6 8.
O-O Nf6 9. Kh1 O-O 10. Bb3 Bb7 11. f4 Qc7 12. Qe2 a5 13. a3 d5 14. Re1 dxe4 15.
Nxe4 Nxe4 16. Qxe4 c5 17. Qxe7 Qc6 18. Qg5 h5 19. c3 Bf6 20. Ba4 Rfe8 21. Be3
Qe4 22. Bc2 Qxc2 0-1

[Event "Veletrzni turnaj 2019"]
[Site "Brno"]
[Date "2019.08.31"]
[Round "8.25"]
[White "Zezula, Matej"]
[Black "Sojka, Oldrich"]
[Result "0-1"]
[WhiteElo "1026"]
[BlackElo "1447"]
[PlyCount "61"]
[EventDate "2019.08.25"]

1. e4 e5 2. Nf3 Nc6 3. Nc3 a6 4. Bc4 Na5 5. Nxe5 Nxc4 6. Nxc4 Bc5 7. d4 Ba7 8.
O-O d6 9. Ne3 Nh6 10. Nf5 Nxf5 11. exf5 Bxf5 12. Re1+ Kf8 13. Qh5 Qd7 14. Qh4
Re8 15. Bg5 h6 16. Bd2 Rh7 17. Rxe8+ Kxe8 18. Re1+ Kf8 19. Re7 Qxe7 20. Qf4 Qd7
21. Nd5 Be6 22. Qe4 f5 23. Qf3 Bxd5 24. Qxd5 c6 25. Qf3 Bxd4 26. g4 g6 27. Qf4
Be5 28. Qb4 fxg4 29. Bf4 c5 30. Qc4 Bxf4 31. Qxf4+ 0-1

[Event "Veletrzni turnaj 2019"]
[Site "Brno"]
[Date "2019.09.01"]
[Round "9.1"]
[White "Pokorny, Petr"]
[Black "Sipek, Michal"]
[Result "1-0"]
[WhiteElo "2220"]
[BlackElo "2010"]
[PlyCount "58"]
[EventDate "2019.08.25"]

1. d4 d5 2. Nf3 e6 3. c4 Nf6 4. cxd5 exd5 5. Nc3 Be7 6. Bg5 O-O 7. Qc2 c6 8. e3
Nbd7 9. Bd3 Re8 10. O-O Nf8 11. h3 Ne4 12. Bf4 f5 13. Ne5 Bd6 14. f3 Nxc3 15.
bxc3 Qf6 16. Rae1 g5 17. Bh2 Be6 18. e4 fxe4 19. fxe4 Qg7 20. Kh1 Rad8 21. Qe2
Bc7 22. Ng4 Bxg4 23. Qxg4 Bxh2 24. Kxh2 dxe4 25. Bc4+ Kh8 26. Rxe4 Rxe4 27.
Qxe4 Qc7+ 28. Kg1 Ng6 29. Rf5 Qg3 1-0

[Event "Veletrzni turnaj 2019"]
[Site "Brno"]
[Date "2019.09.01"]
[Round "9.2"]
[White "Jires, Jiri"]
[Black "Nemec, David"]
[Result "0-1"]
[WhiteElo "2073"]
[BlackElo "1982"]
[PlyCount "74"]
[EventDate "2019.08.25"]

1. e4 d6 2. d4 Nf6 3. Nc3 Nbd7 4. f4 e5 5. Nf3 exd4 6. Qxd4 c6 7. Bd2 d5 8.
exd5 Bc5 9. Qc4 Qe7+ 10. Qe2 Qxe2+ 11. Bxe2 cxd5 12. O-O-O O-O 13. h3 Nb6 14.
Ne5 Ne4 15. Nxe4 dxe4 16. b4 Be7 17. Rhe1 Be6 18. Kb1 Rac8 19. Bb5 a6 20. Bf1
f6 21. Ng4 f5 22. Ne3 Bh4 23. Re2 Bg3 24. Bc1 Na4 25. Bb2 Nxb2 26. Kxb2 Bxf4
27. g4 g6 28. gxf5 gxf5 29. Nd5 Be5+ 30. Kb1 Kf7 31. Red2 Bc3 32. Nxc3 Rxc3 33.
h4 Rfc8 34. Kb2 Kf6 35. Be2 e3 36. Rd8 Rxc2+ 37. Kb1 Rxe2 0-1

[Event "Veletrzni turnaj 2019"]
[Site "Brno"]
[Date "2019.09.01"]
[Round "9.3"]
[White "Vyskocil, Neklan"]
[Black "Glozar, Petr"]
[Result "1-0"]
[WhiteElo "2306"]
[BlackElo "1903"]
[PlyCount "81"]
[EventDate "2019.08.25"]

1. c4 Nf6 2. Nc3 e6 3. e4 e5 4. f4 d6 5. Nf3 Nc6 6. d4 Bg4 7. d5 Nd4 8. Be3
Nxf3+ 9. gxf3 Bd7 10. Qd2 Nh5 11. fxe5 dxe5 12. c5 Qh4+ 13. Bf2 Qf4 14. Qxf4
Nxf4 15. Nb5 Kd8 16. O-O-O a6 17. Na3 b6 18. Nc4 Bxc5 19. Bxc5 bxc5 20. Nxe5
Ke7 21. Rg1 g6 22. Nxd7 Kxd7 23. Rg4 Nh5 24. e5 f6 25. Bh3 Ke7 26. Re4 Ng7 27.
d6+ cxd6 28. exd6+ Kd8 29. Re7 Nf5 30. Bxf5 gxf5 31. Rg1 Rc8 32. Rgg7 c4 33.
Rd7+ Ke8 34. Rge7+ Kf8 35. Rxh7 Rxh7 36. Rxh7 Kg8 37. d7 Rd8 38. Re7 Kf8 39.
Re8+ Rxe8 40. dxe8=Q+ Kxe8 41. Kd2 1-0

[Event "Veletrzni turnaj 2019"]
[Site "Brno"]
[Date "2019.09.01"]
[Round "9.4"]
[White "Wunsch, Radek"]
[Black "Pavlik, Vladimir"]
[Result "1-0"]
[WhiteElo "1833"]
[BlackElo "1898"]
[PlyCount "101"]
[EventDate "2019.08.25"]

1. e4 c5 2. Nf3 Nc6 3. Bb5 g6 4. Bxc6 dxc6 5. d3 Bg7 6. h3 Nf6 7. Nbd2 O-O 8.
a4 b6 9. a5 Ba6 10. O-O Qc7 11. Qe2 Rfd8 12. Nb3 Ne8 13. Ra2 e5 14. Bd2 c4 15.
dxc4 Nd6 16. Rfa1 Bxc4 17. axb6 axb6 18. Qe3 Rxa2 19. Rxa2 c5 20. Bc3 Re8 21.
Ra1 Bxb3 22. cxb3 Nb5 23. Nd2 Nd4 24. Qd3 Rd8 25. Qa6 b5 26. Ba5 Qd7 27. Bxd8
Qxd8 28. Qa8 Qxa8 29. Rxa8+ Bf8 30. Nf3 Nxf3+ 31. gxf3 Kg7 32. Re8 Bd6 33. Rd8
Be7 34. Rd7 Kf6 35. Kg2 Ke6 36. Rb7 b4 37. Kg3 Bd6 38. Kg2 Be7 39. Kf1 Bg5 40.
Rb6+ Kd7 41. Ke2 Bc1 42. Rb7+ Kd6 43. Rxf7 Bxb2 44. Kd3 Bd4 45. Rxh7 Ke6 46.
Ke2 Kf6 47. Rh4 g5 48. Rh6+ Kg7 49. Rc6 Kf7 50. Kd3 Bxf2 51. Kc4 1-0

[Event "Veletrzni turnaj 2019"]
[Site "Brno"]
[Date "2019.09.01"]
[Round "9.5"]
[White "Krejci, Petr"]
[Black "Tajovsky, Matej"]
[Result "1/2-1/2"]
[WhiteElo "1979"]
[BlackElo "1819"]
[PlyCount "87"]
[EventDate "2019.08.25"]

1. Nf3 d5 2. g3 b6 3. Bg2 Bb7 4. O-O Nf6 5. d4 g6 6. Ne5 Bg7 7. c4 Nbd7 8. Nc3
c6 9. cxd5 cxd5 10. Qa4 e6 11. Qa3 Qe7 12. b3 Nxe5 13. Qxe7+ Kxe7 14. Ba3+ Kd7
15. dxe5 Ng4 16. f4 Ne3 17. Rfc1 Nxg2 18. Nb5 Bc6 19. Nd4 Nxf4 20. gxf4 Rhc8
21. Bd6 Bb7 22. Nb5 Rc6 23. Ba3 f6 24. Nd6 Ba6 25. Rxc6 Kxc6 26. Rc1+ Kd7 27.
exf6 Bxf6 28. e4 Bd4+ 29. Kg2 Be3 30. Rd1 Bxf4 31. exd5 exd5 32. Rxd5 Ke6 33.
Rd1 Rd8 34. Re1+ Be5 35. Bb2 Rxd6 36. Rxe5+ Kf7 37. Bc3 Rc6 38. Re3 g5 39. a4
Kg6 40. Kf2 b5 41. a5 Bb7 42. Bd4 Rc2+ 43. Re2 Rxe2+ 44. Kxe2 1/2-1/2

[Event "Veletrzni turnaj 2019"]
[Site "Brno"]
[Date "2019.09.01"]
[Round "9.6"]
[White "Krupica, Pavel"]
[Black "Rehurek, Karel"]
[Result "1-0"]
[WhiteElo "1856"]
[BlackElo "1743"]
[PlyCount "39"]
[EventDate "2019.08.25"]

1. e4 e5 2. Nf3 Nc6 3. d4 exd4 4. Nxd4 Qf6 5. Nb5 Bc5 6. Qe2 Bb6 7. N1c3 Nge7
8. Be3 Ne5 9. f4 N5g6 10. e5 Qc6 11. O-O-O a6 12. Nd6+ cxd6 13. exd6 O-O 14.
dxe7 Re8 15. Bxb6 Qxb6 16. Nd5 Qd6 17. Qc4 b5 18. Qc7 Qe6 19. Qa5 Ra7 20. Qd8
1-0

[Event "Veletrzni turnaj 2019"]
[Site "Brno"]
[Date "2019.09.01"]
[Round "9.7"]
[White "Kriz, Tomas"]
[Black "Marsa, Alexandr"]
[Result "1/2-1/2"]
[WhiteElo "1521"]
[BlackElo "1853"]
[PlyCount "43"]
[EventDate "2019.08.25"]

1. e4 e6 2. d4 d5 3. exd5 exd5 4. Bd3 Nc6 5. c3 Bd6 6. Ne2 Qh4 7. Nd2 Bg4 8.
Nf1 Nf6 9. Be3 O-O-O 10. Qc2 Ne4 11. Bxe4 dxe4 12. Neg3 Bxg3 13. Nxg3 Rhe8 14.
h3 Bh5 15. Nxh5 Qxh5 16. g4 Qa5 17. a3 Qb5 18. O-O-O Na5 19. Rhe1 Nc4 20. Re2
Re6 21. Rde1 Rde8 22. Rd1 1/2-1/2

[Event "Veletrzni turnaj 2019"]
[Site "Brno"]
[Date "2019.09.01"]
[Round "9.8"]
[White "Dirgas, Josef"]
[Black "Zuziak, Petr"]
[Result "1-0"]
[WhiteElo "2114"]
[BlackElo "1900"]
[PlyCount "57"]
[EventDate "2019.08.25"]

1. Nf3 Nf6 2. g3 g6 3. b3 d5 4. Bb2 Bg7 5. c4 O-O 6. cxd5 Qxd5 7. Bg2 c5 8. O-O
Qd8 9. d3 Nc6 10. Qc1 Qd6 11. Na3 a6 12. Nc4 Qc7 13. Nce5 Nxe5 14. Bxe5 Qb6 15.
Bb2 Bg4 16. Ne5 Be6 17. Nc4 Qb5 18. a4 Qxb3 19. Ra3 Bxc4 20. Rxb3 Bxb3 21. a5
Bd5 22. Bxd5 Nxd5 23. Bxg7 Kxg7 24. Qxc5 e6 25. Rb1 Rab8 26. e4 Nf6 27. Qe5
Rfe8 28. g4 h6 29. h4 1-0

[Event "Veletrzni turnaj 2019"]
[Site "Brno"]
[Date "2019.09.01"]
[Round "9.9"]
[White "Straka, Vojtech"]
[Black "Spodny, Josef"]
[Result "1/2-1/2"]
[WhiteElo "1997"]
[BlackElo "1856"]
[PlyCount "26"]
[EventDate "2019.08.25"]

1. d4 Nf6 2. c4 e6 3. Nc3 Bb4 4. Bd2 b6 5. e3 Bb7 6. Nf3 O-O 7. Bd3 Bxc3 8.
Bxc3 Ne4 9. Qc2 f5 10. Rc1 d6 11. Qe2 Nd7 12. O-O Nxc3 13. Rxc3 e5 1/2-1/2

[Event "Veletrzni turnaj 2019"]
[Site "Brno"]
[Date "2019.09.01"]
[Round "9.10"]
[White "Snorek, Milan"]
[Black "Blazek, Pavel"]
[Result "1/2-1/2"]
[WhiteElo "1949"]
[BlackElo "1730"]
[PlyCount "42"]
[EventDate "2019.08.25"]

1. d4 d6 2. Nf3 Nc6 3. h3 e5 4. dxe5 Nxe5 5. Nxe5 dxe5 6. Qxd8+ Kxd8 7. Nc3 c6
8. Be3 f5 9. f4 Bd6 10. O-O-O Kc7 11. fxe5 Bxe5 12. Bd4 Bxd4 13. Rxd4 Be6 14.
e4 Rd8 15. Rxd8 Kxd8 16. exf5 Bxf5 17. g4 Bg6 18. Bg2 Nf6 19. g5 Nd7 20. h4 Rf8
21. h5 Bxc2 1/2-1/2

[Event "Veletrzni turnaj 2019"]
[Site "Brno"]
[Date "2019.09.01"]
[Round "9.11"]
[White "Nekvasil, Radek"]
[Black "Mares, Jaroslav"]
[Result "0-1"]
[WhiteElo "1708"]
[BlackElo "1990"]
[PlyCount "152"]
[EventDate "2019.08.25"]

1. b4 e5 2. Bb2 d6 3. c4 f5 4. e3 Nf6 5. Nc3 Be7 6. Nf3 a5 7. b5 O-O 8. Qb3 Kh8
9. d4 e4 10. Ng5 g6 11. d5 h6 12. Ne6 Bxe6 13. dxe6 Kh7 14. Nd5 Nxd5 15. cxd5
c5 16. a4 b6 17. Qc2 Ra7 18. Bc4 Bf6 19. O-O-O Bxb2+ 20. Kxb2 Qf6+ 21. Kb3 Kg8
22. Rdf1 Qg5 23. f4 Qh4 24. Rfg1 Rg7 25. g3 Qf6 26. Be2 Kh7 27. Rg2 Rfg8 28.
Rhg1 Nd7 29. exd7 Rxd7 30. g4 Rdg7 31. Qc3 Qxc3+ 32. Kxc3 Kh8 33. Kc4 Kh7 34.
Bf1 h5 35. h3 h4 36. Be2 Kh6 37. Kc3 Kh7 38. Kd2 Kh6 39. Bd1 Kh7 40. Bc2 Kh6
41. g5+ Kh7 42. Bxe4 fxe4 43. Rg4 Rf7 44. Rxh4+ Kg7 45. Kc3 Rf5 46. Kc4 Rff8
47. Rhg4 Rh8 48. Rh1 Rh5 49. Rg2 Rfh8 50. Rgh2 Rf8 51. Kc3 Rf5 52. Rd2 Rf8 53.
Kc2 Rfh8 54. Rdh2 Rf8 55. Kd1 Rf5 56. Rd2 Rf8 57. Ke1 Rf5 58. Kf2 Rhxg5 59. Rg1
Rxd5 60. Rgd1 Rxd2+ 61. Rxd2 Rf5 62. Rxd6 Rf6 63. Rd1 Kf7 64. h4 Ke7 65. Kg3
Rd6 66. Rxd6 Kxd6 67. f5 gxf5 68. Kf4 c4 69. h5 Ke6 70. h6 Kf6 71. h7 Kg7 72.
Ke5 c3 73. Kd5 c2 74. Kc6 c1=Q+ 75. Kxb6 Qc3 76. Ka6 Kxh7 0-1

[Event "Veletrzni turnaj 2019"]
[Site "Brno"]
[Date "2019.09.01"]
[Round "9.12"]
[White "Haupt, Jaromir"]
[Black "Pokladnik, Martin"]
[Result "0-1"]
[WhiteElo "1743"]
[BlackElo "1980"]
[PlyCount "60"]
[EventDate "2019.08.25"]

1. c4 Nf6 2. Nc3 e6 3. e3 d5 4. Nf3 b6 5. b3 Bb7 6. Bb2 Nbd7 7. Be2 c6 8. Rc1
a6 9. O-O Bd6 10. g3 O-O 11. cxd5 cxd5 12. Nd4 Re8 13. f4 g6 14. Nf3 e5 15.
fxe5 Nxe5 16. Nd4 Ne4 17. d3 Nxg3 18. hxg3 Qg5 19. Qe1 Nxd3 20. Bxd3 Rxe3 21.
Nce2 Bxg3 22. Qxg3 Rxg3+ 23. Nxg3 Qxg3+ 24. Kh1 Qxd3 25. Rcd1 Qh3+ 26. Kg1 Re8
27. Rf3 Qg4+ 28. Kf2 Re4 29. Rc1 Qh4+ 30. Kf1 Qh1+ 0-1

[Event "Veletrzni turnaj 2019"]
[Site "Brno"]
[Date "2019.09.01"]
[Round "9.13"]
[White "Lisik, Miroslav"]
[Black "Petlan, Ivan"]
[Result "0-1"]
[WhiteElo "1654"]
[BlackElo "1951"]
[PlyCount "57"]
[EventDate "2019.08.25"]

1. e4 c5 2. Nc3 Nc6 3. f4 g6 4. Nf3 Bg7 5. Bb5 Nd4 6. O-O e6 7. d3 Nxb5 8. Nxb5
Qb6 9. Nc3 Ne7 10. Kh1 d6 11. Qe1 Bd7 12. Rb1 O-O 13. Qd2 Qa6 14. Qf2 b5 15.
Ne2 b4 16. c3 bxc3 17. Nxc3 Qxd3 18. e5 Nf5 19. exd6 Bd4 20. Qe1 f6 21. Nxd4
cxd4 22. Ne4 Rac8 23. Rf3 Qb5 24. g4 Nxd6 25. Nxd6 Qd5 26. Qf2 Qxd6 27. Kg1 Qd5
28. Rh3 Bc6 29. Qh4 0-1

[Event "Veletrzni turnaj 2019"]
[Site "Brno"]
[Date "2019.09.01"]
[Round "9.14"]
[White "Stehlik, Jiri"]
[Black "Bauer, Miroslav"]
[Result "1/2-1/2"]
[WhiteElo "1886"]
[BlackElo "1611"]
[PlyCount "54"]
[EventDate "2019.08.25"]

1. c4 c5 2. Nc3 Nc6 3. g3 Nf6 4. Bg2 d6 5. Nf3 g6 6. O-O Bg7 7. d3 O-O 8. a3
Bd7 9. Rb1 a6 10. b4 cxb4 11. axb4 Na7 12. Bb2 b5 13. cxb5 axb5 14. Nd2 Rc8 15.
Nce4 Nxe4 16. Nxe4 Qb6 17. Bxg7 Kxg7 18. Qd2 Nc6 19. Rfc1 Rc7 20. Nc3 Be6 21.
Nd5 Bxd5 22. Bxd5 Rfc8 23. Qf4 e6 24. Bxc6 Rxc6 25. Rxc6 Qxc6 26. Qd2 Qc2 27.
Qe1 Qc3 1/2-1/2

[Event "Veletrzni turnaj 2019"]
[Site "Brno"]
[Date "2019.09.01"]
[Round "9.15"]
[White "Licka, Vlastimil"]
[Black "Dvoracek, Jan Matyas"]
[Result "0-1"]
[WhiteElo "1872"]
[BlackElo "1574"]
[PlyCount "76"]
[EventDate "2019.08.25"]

1. e4 c5 2. Nf3 Nc6 3. d4 cxd4 4. Nxd4 Nf6 5. Nc3 e5 6. Ndb5 d6 7. Bg5 a6 8.
Na3 b5 9. Bxf6 gxf6 10. Nd5 Bg7 11. c3 f5 12. exf5 Bxf5 13. Nc2 O-O 14. Nce3
Be6 15. Bd3 f5 16. Qh5 e4 17. Bc2 Ne7 18. Nf4 Bf7 19. Qh3 Be5 20. g3 Qc8 21.
Qh4 Ra7 22. O-O Ng6 23. Nxg6 Bxg6 24. Bb3+ Kh8 25. Nd5 Qe8 26. Nf4 Bf7 27. Rfd1
Bc4 28. Bc2 Rg7 29. h3 e3 30. Re1 exf2+ 31. Kxf2 Rfg8 32. Re3 Qf7 33. b3 Bd5
34. Rae1 Ba8 35. Rd1 Rg5 36. c4 bxc4 37. bxc4 Qf6 38. Nh5 Qh6 0-1

[Event "Veletrzni turnaj 2019"]
[Site "Brno"]
[Date "2019.09.01"]
[Round "9.17"]
[White "Zaza, Martin"]
[Black "Keprt, Tomas"]
[Result "0-1"]
[WhiteElo "1234"]
[BlackElo "1438"]
[PlyCount "81"]
[EventDate "2019.08.25"]

1. b3 d5 2. Bb2 Bf5 3. Nf3 e6 4. e3 Nf6 5. d4 c6 6. Nbd2 Bb4 7. Be2 Ne4 8. O-O
Nc3 9. Bxc3 Bxc3 10. Rb1 Qa5 11. a4 Bg4 12. h3 Bh5 13. Kh1 Nd7 14. Rg1 Nf6 15.
Bd3 g5 16. g4 Bg6 17. Bxg6 hxg6 18. Kh2 Ke7 19. b4 Bxb4 20. Nb3 Qc7+ 21. Kg2
Ne4 22. c3 Nxc3 23. Qd2 a5 24. Rbc1 Nxa4 25. Qc2 Nc3 26. Nxg5 Rh6 27. Qd3 f6
28. Nxe6 Kxe6 29. Rxc3 Bxc3 30. Nc5+ Kf7 31. Qxc3 b6 32. Nd3 Rah8 33. Nf4 g5
34. Nxd5 Qb7 35. Nxf6 Rxf6 36. f4 gxf4 37. exf4 Re6 38. d5 Re7 39. Kf1 Rhe8 40.
dxc6 Qc7 41. Qc4+ 0-1

[Event "Veletrzni turnaj 2019"]
[Site "Brno"]
[Date "2019.09.01"]
[Round "9.18"]
[White "Vaculik, Martin"]
[Black "Neduchal, Jiri"]
[Result "1/2-1/2"]
[WhiteElo "1772"]
[BlackElo "1790"]
[PlyCount "86"]
[EventDate "2019.08.25"]

1. d4 Nf6 2. c4 g6 3. Nc3 d5 4. cxd5 Nxd5 5. e4 Nxc3 6. bxc3 Bg7 7. Bc4 O-O 8.
Ne2 c5 9. Be3 cxd4 10. cxd4 Nc6 11. O-O Na5 12. Bd3 b6 13. Rc1 Bb7 14. Qd2 Rc8
15. d5 Qd7 16. Bh6 Rxc1 17. Rxc1 Rc8 18. Bxg7 Kxg7 19. Qb2+ Kg8 20. Rxc8+ Qxc8
21. Qc3 Qxc3 22. Nxc3 f6 23. f4 Kf7 24. e5 fxe5 25. fxe5 a6 26. a4 Nb3 27. d6
Nc5 28. Bc4+ e6 29. Ne2 Nxa4 30. Nd4 Nc5 31. Kf1 b5 32. Ba2 Be4 33. g3 Bf5 34.
Nc6 Ke8 35. Ke2 Kd7 36. Nb8+ Kc8 37. Nc6 Be4 38. Nd4 Kd7 39. Ke3 Bf5 40. Nf3 b4
41. Nd2 a5 42. Kd4 Kc6 43. Nb3 Nxb3+ 1/2-1/2

[Event "Veletrzni turnaj 2019"]
[Site "Brno"]
[Date "2019.09.01"]
[Round "9.20"]
[White "Zikan, Karel"]
[Black "Ulcak, Michael"]
[Result "0-1"]
[WhiteElo "1717"]
[BlackElo "1443"]
[PlyCount "56"]
[EventDate "2019.08.25"]

1. Nf3 Nf6 2. c4 g6 3. Nc3 Bg7 4. g3 d6 5. d3 c5 6. Bg2 O-O 7. O-O Nc6 8. Bd2
e6 9. Qc1 Re8 10. Bg5 Ne7 11. Rb1 Qa5 12. Qf4 Nf5 13. e4 e5 14. Qd2 Nd4 15.
Bxf6 Nxf3+ 16. Bxf3 Bxf6 17. Qe2 Be6 18. Bg4 Bg7 19. Bxe6 fxe6 20. Nb5 Qb6 21.
a3 a6 22. Nc3 Qa5 23. Qc2 Rf8 24. Qa4 Qxa4 25. Nxa4 b5 26. cxb5 axb5 27. Nc3
Rab8 28. f3 b4 0-1

[Event "Veletrzni turnaj 2019"]
[Site "Brno"]
[Date "2019.09.01"]
[Round "9.22"]
[White "Tajovsky, Simon"]
[Black "Krystl, Jaromir"]
[Result "0-1"]
[WhiteElo "1494"]
[BlackElo "1548"]
[PlyCount "74"]
[EventDate "2019.08.25"]

1. d4 Nf6 2. Nf3 g6 3. c4 Bg7 4. Nc3 O-O 5. e4 d6 6. Be3 e5 7. dxe5 dxe5 8.
Qxd8 Rxd8 9. Bg5 Re8 10. c5 c6 11. Bc4 b5 12. Bxf6 bxc4 13. Bxg7 Kxg7 14. O-O-O
Na6 15. Na4 Nb4 16. Kb1 f5 17. Nd2 Nd3 18. Rhf1 Ba6 19. b3 Rab8 20. Kc2 cxb3+
21. Nxb3 Nb4+ 22. Kb2 Bxf1 23. Rxf1 fxe4 24. Nc3 e3 25. fxe3 Rf8 26. Rf3 Nd3+
27. Kb1 Rxf3 28. gxf3 Nxc5 29. Kc2 Nxb3 30. axb3 Rb4 31. Ne4 Rxe4 32. fxe4 g5
33. Kd3 g4 34. Ke2 h5 35. Kf2 h4 36. Kg2 Kf6 37. b4 Ke7 0-1

[Event "Veletrzni turnaj 2019"]
[Site "Brno"]
[Date "2019.09.01"]
[Round "9.23"]
[White "Hradek, Matyas"]
[Black "Kacalek, Tomas"]
[Result "1-0"]
[WhiteElo "1546"]
[BlackElo "1683"]
[PlyCount "137"]
[EventDate "2019.08.25"]

1. e4 Nc6 2. d4 d5 3. exd5 Qxd5 4. Be3 Bf5 5. c4 Qd7 6. Nc3 Nf6 7. Be2 Ng4 8.
Bxg4 Bxg4 9. Nge2 O-O-O 10. O-O a6 11. Rb1 e6 12. a3 Na5 13. c5 Nc4 14. Qd3
Nxe3 15. fxe3 Bxc5 16. b4 Ba7 17. b5 a5 18. Rfc1 Kb8 19. Na4 Bf5 20. e4 Bxd4+
21. Kh1 Bg4 22. Nxd4 Qxd4 23. Qg3 Rd7 24. Nc5 Be2 25. Nxd7+ Qxd7 26. b6 Rc8 27.
Rc2 Qd3 28. Rbc1 Qxg3 29. hxg3 Bd3 30. Rxc7 Rf8 31. e5 Be4 32. R1c4 Bc6 33. Rf4
Be8 34. Re7 g5 35. Rd4 Bc6 36. Rxf7 Rc8 37. Rxh7 Rg8 38. Rg4 Kc8 39. Rc7+ Kd8
40. Rd4+ Bd5 41. Rxb7 Kc8 42. Ra7 Rd8 43. Kg1 Kb8 44. Rxa5 Kb7 45. Rb5 Rc8 46.
Rd1 Rc3 47. Rbxd5 exd5 48. Rxd5 Kxb6 49. e6 Re3 50. Rxg5 Rxe6 51. Rd5 Re3 52.
Kh2 Rxa3 53. g4 Kc6 54. Rd1 Re3 55. g3 Re8 56. g5 Rg8 57. g4 Rxg5 58. Kg3 Rg8
59. Kf4 Rf8+ 60. Ke5 Re8+ 61. Kf6 Rf8+ 62. Kg7 Rf4 63. g5 Rg4 64. g6 Rg2 65.
Kf7 Rf2+ 66. Kg8 Rg2 67. g7 Rg3 68. Rf1 Kd6 69. Kf7 1-0

[Event "Veletrzni turnaj 2019"]
[Site "Brno"]
[Date "2019.09.01"]
[Round "9.24"]
[White "Sojka, Oldrich"]
[Black "Brychta, Jan"]
[Result "0-1"]
[WhiteElo "1447"]
[BlackElo "1457"]
[PlyCount "48"]
[EventDate "2019.08.25"]

1. e4 e6 2. Nc3 d5 3. exd5 exd5 4. d4 Bb4 5. Bd2 Nf6 6. Nf3 O-O 7. Be2 Bg4 8.
O-O Re8 9. h3 Bh5 10. Ne5 Bxe2 11. Nxe2 Bd6 12. Nf3 Ne4 13. Be3 f5 14. Bf4 Nc6
15. Bxd6 Qxd6 16. c3 g5 17. Nh2 g4 18. hxg4 f4 19. Qd3 Re6 20. g3 Rf8 21. Nxf4
Rh6 22. Kg2 Rxf4 23. gxf4 Qxf4 24. Nf3 Qxg4# 0-1